000 00698nmc a2200253 a 4500
003 AR-BaBNM
005 20251128203358.0
008 267019s1974 ||||||||||||||000 | spa||
040 _cAR-BaBNM
100 1 _aLuna, Félix
245 1 0 _aAlvear
_blas luchas populares en la década del treinta
260 _aBuenos Aires
_bSchapire
_c1974
300 0 _a333 p.
490 0 _aMira
600 1 4 _aAlvear, Marcelo Torcuato de
_d1868-1942
610 2 4 _aUnión Cívica Radical [Argentina]
650 4 _aPRESIDENCIAS ARGENTINAS
650 4 _aPARTIDOS POLITICOS ARGENTINOS
650 4 _aHISTORIA POLITICA
650 4 _aHISTORIA SOCIAL
650 4 _aBIOGRAFIAS
942 _cBK
998 _cmariana
999 _c3119
_d3119